| 000 | 00975nas a2200301 4500 | ||
|---|---|---|---|
| 001 | BR2011003063 | ||
| 003 | BR-BrBNA | ||
| 005 | 20231205115326.0 | ||
| 007 | ta | ||
| 008 | 230509b bl.|||p| |||| 00| 00por d | ||
| 040 |
_aBR-BrBNA _bpor _cBiblioteca Nacional de Agricultura |
||
| 041 | _a(Pt) | ||
| 072 | _aL70 | ||
| 100 | 1 | _aOliveira, A.L. de A. | |
| 100 | 1 | _aCosta, A.C. da | |
| 100 | 1 | _aZamprogno, H. | |
| 100 | 1 | _aElias, A.S.N.T. | |
| 100 | 1 | _aPaiva, R. | |
| 100 | 1 | _aSantos, C.L. | |
| 245 | 1 | _aPrótese total de quadril em cães: relato de seis casos | |
| 246 | 1 | _aTotal hip prosthesis in dogs: six cases report | |
| 650 | _aCÃO | ||
| 650 | _aDISTURBIO FISIOLÓGICO | ||
| 650 | _aDISPLASIA | ||
| 773 | 0 |
_tMEDVEP. Revista Científica de Medicina Veterinária. Pequenos Animais e Animais de Estimação (Brazil) _xISSN 1676-1430 _g(Jul-Dec 2006), v. 4(13) p. 216-226 _wBR2011003063 |
|
| 909 |
_a202311 _bLúcia _c55 _dLúcia Elande |
||
| 942 |
_2AGRIS _n0 _cANA |
||
| 999 |
_c213227 _d213227 |
||